FIFA-Welttorhüter des Jahres - Statistiken

Allgemein
  • Dieses Quiz wurde 1.446 mal gespielt
    346 seit der letzten Aktualisierung
  • Das Durchschnittsergebnis liegt bei 7 aus 8
Antwortstatistiken
Jahr Nationalität Verein Antwort % Korrekt
2020 Deutschland FC Bayern München Manuel Neuer
99%
2017 Italien Juventus Turin Gianluigi Buffon
98%
2019 Brasilien FC Liverpool Alisson
93%
2018 Belgien Real Madrid Thibaut Courtois
91%
2023 Brasilien Manchester City Ederson
90%
2022 Argentinien Aston Villa Emiliano Martinez
90%
2024 Argentinien Aston Villa Emiliano Martinez
90%
2021 Senegal FC Chelsea Édouard Mendy
73%
Keine übereinstimmenden Quizze gefunden
Verteilung der Resultate
Anzahl Personen mit jedem Resultat
Perzentil nach korrekt beantworteten Fragen
Ihre Resultats-Entwicklung
Sie haben dieses Quiz seit der letzten Aktualisierung nicht gespielt